| Tag |
First Indicator |
Second Indicator |
Subfields |
| LEADER |
00000cam a2200000Ka 4500 |
| 001 |
in00003549021 |
| 006 |
m o d |
| 007 |
cr un||||a|a|| |
| 008 |
111111s1987 gw ob 001 0 eng d |
| 005 |
20260423142711.9 |
| 019 |
|
|
|a 261067612
|a 625573089
|a 682081446
|
| 020 |
|
|
|a 9783540775225 (electronic bk.)
|
| 020 |
|
|
|a 3540775226 (electronic bk.)
|
| 020 |
|
|
|z 0387167587 (U.S. : pbk.)
|
| 020 |
|
|
|z 9780387167589 (U.S. : pbk.)
|
| 020 |
|
|
|z 0387167595 (U.S. : hard)
|
| 020 |
|
|
|z 9780387167596 (U.S. : hard)
|
| 020 |
|
|
|z 3540167587
|
| 020 |
|
|
|z 9783540167587
|
| 020 |
|
|
|z 3540167595
|
| 020 |
|
|
|z 9783540167594
|
| 035 |
|
|
|a (OCoLC)760669348
|z (OCoLC)261067612
|z (OCoLC)625573089
|z (OCoLC)682081446
|
| 040 |
|
|
|a OCLCE
|b eng
|e pn
|c OCLCE
|d YNG
|d CSU
|d OCLCQ
|d OCLCF
|d OCLCQ
|d GW5XE
|d UtOrBLW
|
| 042 |
|
|
|a dlr
|
| 049 |
|
|
|a TXAM
|
| 050 |
|
4 |
|a QC174.17.S6
|b S37 1987
|
| 082 |
0 |
4 |
|a 515.7/246
|2 19
|
| 084 |
|
|
|a 31.81
|2 bcl
|
| 084 |
|
|
|a PHY 014f
|2 stub
|
| 084 |
|
|
|a PHY 020f
|2 stub
|
| 084 |
|
|
|a SK 620
|2 rvk
|
| 084 |
|
|
|a UK 2000
|2 rvk
|
| 245 |
0 |
0 |
|a Schrödinger operators, with applications to quantum mechanics and global geometry /
|c H.L. Cycon [and others] ; [editors, Wolf Beiglböck and others].
|
| 264 |
|
1 |
|a Berlin ;
|a New York :
|b Springer-Verlag,
|c [1987]
|
| 264 |
|
4 |
|c ©1987
|
| 300 |
|
|
|a 1 online resource (ix, 319 pages)
|
| 336 |
|
|
|a text
|b txt
|2 rdacontent
|
| 337 |
|
|
|a computer
|b c
|2 rdamedia
|
| 338 |
|
|
|a online resource
|b cr
|2 rdacarrier
|
| 490 |
1 |
|
|a Texts and monographs in physics
|
| 500 |
|
|
|a Chapters 1-11 are revised notes taken from a summer course given in 1982 in Thurnau, West Germany by Barry Simon.
|
| 500 |
|
|
|a "Springer study edition"--Page 2 of cover.
|
| 504 |
|
|
|a Includes bibliographical references (pages 301-314) and index.
|
| 588 |
|
|
|a Description based on print version record.
|
| 538 |
|
|
|a Master and use copy. Digital master created according to Benchmark for Faithful Digital Reproductions of Monographs and Serials, Version 1. Digital Library Federation, December 2002.
|u http://purl.oclc.org/DLF/benchrepro0212
|5 MiAaHDL
|
| 583 |
1 |
|
|a digitized
|c 2010
|h HathiTrust Digital Library
|l committed to preserve
|2 pda
|5 MiAaHDL
|
| 505 |
0 |
|
|a Self-Adjointness -- Lp-Properties of Eigenfunctions, and All That -- Geometric Methods for Bound States -- Local Commutator Estimates -- Phase Space Analysis of Scattering -- Magnetic Fields -- Electric Fields -- Complex Scaling -- Random Jacobi Matrices -- Almost Periodic Jacobi Matrices -- Wittens Proof of the Morse Inequalities -- Patodis Proof of the Gauss-Bonnet-Chern Theorem and Superproofs of Index Theorems.
|
| 520 |
|
|
|a A complete understanding of Schrdinger operators is a necessary prerequisite for unveiling the physics of nonrelativistic quanturn mechanics. Furthermore recent research shows that it also helps to deepen our insight into global differential geometry. This monograph written for both graduate students and researchers summarizes and synthesizes the theory of Schrdinger operators emphasizing the progress made in the last decade by Lieb, Enss, Witten and others. Besides general properties, the book covers, in particular, multiparticle quantum mechanics including bound states of Coulomb systems and scattering theory, quantum mechanics in constant electric and magnetic fields, Schrdinger operators with random and almost periodic potentials and, finally, Schrdinger operator methods in differential geometry to prove the Morse inequalities and the index theorem.
|
| 500 |
|
|
|a Electronic resource.
|
| 650 |
|
0 |
|a Schrödinger operator.
|
| 650 |
|
0 |
|a Quantum theory.
|
| 650 |
|
0 |
|a Global differential geometry.
|
| 650 |
|
6 |
|a Schrödinger, Opérateur de.
|
| 650 |
|
6 |
|a Théorie quantique.
|
| 650 |
|
6 |
|a Géométrie différentielle globale.
|
| 650 |
|
7 |
|a Global differential geometry.
|2 fast
|0 (OCoLC)fst00943477
|
| 650 |
|
7 |
|a Quantum theory.
|2 fast
|0 (OCoLC)fst01085128
|
| 650 |
|
7 |
|a Schrödinger operator.
|2 fast
|0 (OCoLC)fst01108122
|
| 650 |
0 |
7 |
|a Geometrie.
|2 swd
|
| 650 |
0 |
7 |
|a Globale Differentialgeometrie.
|2 swd
|
| 650 |
0 |
7 |
|a Globale Riemannsche Geometrie.
|2 swd
|
| 650 |
0 |
7 |
|a Hamilton-Operator.
|2 swd
|
| 650 |
0 |
7 |
|a Quantenmechanik.
|2 swd
|
| 650 |
0 |
7 |
|a Quantentheorie.
|2 swd
|
| 655 |
|
7 |
|a Electronic books.
|2 local
|
| 700 |
1 |
|
|a Cycon, H. L.
|q (Hans Ludwig),
|d 1942-
|
| 700 |
1 |
|
|a Simon, Barry,
|d 1946-
|
| 700 |
1 |
|
|a Beiglböck, E.,
|d 1939-
|
| 710 |
2 |
|
|a SpringerLink (Online service)
|
| 776 |
1 |
8 |
|i Print version:
|t Schrödinger operators, with applications to quantum mechanics and global geometry.
|d Berlin ; New York : Springer-Verlag, ©1987
|w (DLC) 86013953
|w (OCoLC)13793017
|
| 830 |
|
0 |
|a Texts and monographs in physics.
|
| 856 |
4 |
0 |
|u http://proxy.library.tamu.edu/login?url=https://link.springer.com/10.1007/978-3-540-77522-5
|z Connect to the full text of this electronic book
|t 0
|
| 994 |
|
|
|a 92
|b TXA
|
| 999 |
|
|
|a MARS
|
| 999 |
f |
f |
|s 249c3a87-0892-32c9-9096-999e52480fb4
|i ffa7f227-fe54-3aa5-b477-7be08d011ef9
|t 0
|
| 952 |
f |
f |
|a Texas A&M University
|b College Station
|c Electronic Resources
|s www_evans
|d Available Online
|t 0
|e QC174.17.S6 S37 1987
|h Library of Congress classification
|
| 998 |
f |
f |
|a QC174.17.S6 S37 1987
|t 0
|l Available Online
|